| 000 | 00463nam a2200181Ia 4500 | ||
|---|---|---|---|
| 008 | 160803s9999 xx 000 0 und d | ||
| 020 | _a9780439996426 | ||
| 100 | _aOsborne, Mary Pope | ||
| 245 | _aMidnight on the moon / | ||
| 245 | _cMary Pope Osborne ; illustrated by Sal Murdocca. | ||
| 260 | _aNew York : | ||
| 260 | _bScholastic Inc. | ||
| 260 | _c1996 | ||
| 300 | _a75 pages : | ||
| 300 | _billustrations ; | ||
| 300 | _c20 cm. | ||
| 700 | _a320 | ||
| 999 |
_c298718 _d298718 |
||